00899nam a2200229 a 450000100100000000500170001000800410002704000250006808200210009310000240011424500380013825000110017626000410018730000210022850000730024959000750032265000170039791000370041404900090045195201920046099900170065200003589920240514073717.0111115s1972 ag 000 0 spa d aDO-SdBNPbspacBNPHU a170bB942e, 19721 aBunge, Mario93114510aÉtica y ciencia /cMario Bunge. a3a ed. aBuenos Aires :bSiglo Veinte,c1972. a111 p. ;c23 cm. aIncluye referencias bibliográficas y notas al pie de las páginas aPerteneció a la biblioteca personal de Juan Isidro Jimenes Grullón 0aÉtica9509 aValidado. Control de calidad MFF aBNPD 001050718MOaGRbGRcHDd2011-11-15iLF1l0o170 B942e, 1972p35899-10r2020-06-25w2020-06-25y1zPerteneció a la biblioteca personal de Juan Isidro Jimenes Grullón.ZNo se presta c35390d35390